000 00410nam a2200181Ia 4500
005 20240823054839.0
008 240823s9999||||xx |||||||||||||| ||und||
041 _aENGLISH
082 _A811.52
100 _aShanmugakani A
245 0 _aAs I Walked Out One Evening
250 _a1st
260 _bVasans Publica
500 _aTRANSFERED
650 _aEnglish
_bEnglish
942 _cBK
999 _c227420
_d227420